Loading...
| Literature - European Literature | 0 | 4 | 0 | 0 | 40 | 76 | 102.00 | 0 | 1 |
| Philosophy | 0 | 3 | 1 | 0 | 25 | 18 | 56.67 | 1 | 2 |
| Science - Biology | 0 | 2 | 0 | 1 | 20 | 92 | 93.50 | 0 | 0 |
| Science - Physics | 0 | 2 | 0 | 1 | 20 | 63 | 81.50 | 0 | 1 |
| Literature - British Literature | 0 | 2 | 0 | 0 | 20 | 116 | 116.50 | 0 | 1 |
| Literature - World Literature | 0 | 2 | 0 | 1 | 20 | 59 | 83.00 | 1 | 1 |
| Painting/Sculpture | 0 | 2 | 0 | 1 | 20 | 85 | 89.00 | 0 | 1 |
| Literature - American Literature | 0 | 2 | 0 | 0 | 20 | 81 | 93.50 | 0 | 1 |
| Pop Culture | 0 | 2 | 1 | 0 | 15 | 60 | 67.00 | 0 | 1 |
| Social Science | 0 | 1 | 0 | 0 | 10 | 71 | 71.00 | 0 | 0 |
| Fine Arts - Other Fine Arts | 0 | 1 | 0 | 0 | 10 | 104 | 104.00 | 0 | 0 |
| History - European History | 0 | 1 | 0 | 0 | 10 | 52 | 52.00 | 0 | 0 |
| History - Other History | 0 | 1 | 0 | 1 | 10 | 114 | 114.00 | 0 | 0 |
| Religion | 0 | 1 | 0 | 1 | 10 | 111 | 111.00 | 0 | 0 |
| Science - Chemistry | 0 | 0 | 0 | 0 | 0 | 0.00 | 0 | 0 | |
| Current Events | 0 | 0 | 1 | 0 | -5 | 0.00 | 0 | 0 |